ბათუმის შოთა რუსთაველის სახელმწიფო უნივერსიტეტის ბიბლიოთეკა

Career Advising (ბიბ.ჩანაწერი № 51467)

000 -LEADER
fixed length control field 00705nam a2200265Ia 4500
001 - CONTROL NUMBER
control field 18453
003 - CONTROL NUMBER IDENTIFIER
control field GE_BSU
008 - FIXED-LENGTH DATA ELEMENTS--GENERAL INFORMATION
fixed length control field 181216s||||||||xx |||||||||||||| ||und||
020 ## - INTERNATIONAL STANDARD BOOK NUMBER
International Standard Book Number 9780787983673
040 ## - CATALOGING SOURCE
Transcribing agency GE_BSU
080 ## - UNIVERSAL DECIMAL CLASSIFICATION NUMBER
Universal Decimal Classification number 331
100 ## - MAIN ENTRY--PERSONAL NAME
Personal name Gordon,Virginia N.
245 ## - TITLE STATEMENT
Title Career Advising
245 #3 - TITLE STATEMENT
Remainder of title An academic Advisor's Guide
250 ## - EDITION STATEMENT
Edition statement A publication of the National Academic Advising Association
260 ## - PUBLICATION, DISTRIBUTION, ETC.
Place of publication, distribution, etc. San Francisco
260 ## - PUBLICATION, DISTRIBUTION, ETC.
Name of publisher, distributor, etc. Jossey-Bass
260 ## - PUBLICATION, DISTRIBUTION, ETC.
Date of publication, distribution, etc. 2006
300 ## - PHYSICAL DESCRIPTION
Extent 148p. 24cm.
653 ## - INDEX TERM--UNCONTROLLED
Uncontrolled term An academic Advisor's Guide
653 ## - INDEX TERM--UNCONTROLLED
Uncontrolled term Career Advising
653 ## - INDEX TERM--UNCONTROLLED
Uncontrolled term კარიერა
653 ## - INDEX TERM--UNCONTROLLED
Uncontrolled term შრომა,დასაქმება
942 ## - ADDED ENTRY ELEMENTS (KOHA)
Koha item type წიგნი
ეგზემპლარები
Withdrawn status Lost status Damaged status Not for loan Date acquired Barcode Date last seen Price effective from Koha item type
        2018-12-17 47309 2018-12-17 2018-12-17 წიგნი